000 00342nam a22001457a 4500
008 240405b |||||||| |||| 00| 0 eng d
020 _a9780099474463
082 _a813.54
100 _aHeyer, Georgette.
245 _aLady of Quality
260 _aUK:
_bPenguin,
_c2019.
300 _a267 p.;
_c19.3 Cm.
942 _2ddc
999 _c9835
_d9836